00681cam a22002051 4500001001300000003000400013005001700017008004100034010002200075025001900097050001700116082001800133100001900151245011000170260005500280300002200335504007200357650002900429999001700458sa 68016471 DLC20260227112654.0700629s1967 ii b 00000 eng  asa 68016471 //r85 aPL480:I-E-90940 aBL1150b.N57 a294.5/0954/1410aNiyogi, Puspa.10aBrahmanic settlements in different subdivisions of ancient Bengal.cWith a foreword by Benoy Chandra Sen.0 a[Calcutta]bIndian Studies: Past & Presentc[1967] a11, 90 p.c25 cm. aBibliographical references included in "abbreviations": p. [76]-77. 0aBrahmanszIndiazBengal. c87116d87116